00273 a2200133 4500001000700000020002200007040001100029100001600040240003000056245002500086300000800111362000900119440001100128169632 a978-85-260-1963-8 cMagnum aRey, Marcos10aA arca dos marechaislpor10aA arca dos marechais a1370 a2014 1aGlobal